LEADER 01011nam a2200241 i 4500 001 000000245270 003 CaOOAMICUS 005 20151001000000.0 008 151001s1952 it u000 u ita u 013 $a224175 040 $aSeMil$bita 100 1 $aMarcozzi, Vittorio .$0(OLS)http://semarc/name/21781 245 13$aLe beatitudini della castità :$bFormazione dei giovani alla famiglia (per gli educatori) /$cVittorio Marcozzi S.J. 260 $aRoma :$bAVE,$c1952. 300 $a214 p. ;$c18 cm. 500 $aContiene : Bibliografia. - Fondo card. Giovanni Colombo. 650 4$aCastità.$0(OLS)http://semarc/subject/6546 850 $aSeMil 852 $aSeMil$W1$xVenegono$y1$m3GC II 391$j195616$B195616$CSeMilBibl$Z2$F206294 $8B 941 1 $a3 961 $aLascito: Colombo Card. Giovanni 996 $6245$aLe beatitudini della castità :$bFormazione dei giovani alla famiglia (per gli educatori)$9(OLS)http://semarc/title/190815 996 $6260$aRoma :$bAVE$9(OLS)http://semarc/publisher/30251 LEADER 01143nam a2200241 i 4500 001 000000181948 003 CaOOAMICUS 005 20170206000000.0 008 170206s2008 it u000 u ita u 013 $a159874 040 $aSeMil$bita 100 1 $aMigliucci, Debora.$0(OLS)http://semarc/name/93685 245 13$aLa politica come vita :$bstoria di Giuseppina Re, deputato al Parlamento italiano, 1913-2007 /$cDebora Migliucci ; prefazione di Maria Costa. 260 $aSesto San Giovanni :$bArchivio del lavoro,$cc2008. 300 $a251 p. ;$c23 cm. 490 0 $aArchivio del lavoro ;$v6 700 1 $aCosta, Maria.$0(OLS)http://semarc/name/18983 830 0$aArchivio del lavoro ;$v6.$0(OLS)http://semarc/title/402129 850 $aSeMil 852 $aSeMil$W1$xVenegono$y1$m3N V 625$j132652$B132652$CSeMilBibl$Z2$F216584 $81 961 $aOmaggio: Grampa dott. Cesare 996 $6245$aLa politica come vita :$bstoria di Giuseppina Re, deputato al Parlamento italiano, 1913-2007$9(OLS)http://semarc/title/409055 996 $6260$aSesto San Giovanni :$bArchivio del lavoro$9(OLS)http://semarc/publisher/56211